000 00380nam a2200157 4500
001 44638
090 _a44638
100 _a20250710 pory50
101 _apor
102 _aPT
200 _aO Gigante ambicioso
_econtos infantis
_fJosé Ninguém
_gil. Jorge Barroso
210 _a[s.l.]
_c[S.n.]
_d2019
215 _a28 p.
675 _a821.134.3-34
801 _aPT
_gRPC
990 _cLIVROS